Central Library OPAC University of Rajshahi
Normal view MARC view

Entry Personal Name

Number of records used in: 2

001 - CONTROL NUMBER

  • control field: 373

003 - CONTROL NUMBER IDENTIFIER

  • control field: BD-RjUL

005 - DATE AND TIME OF LATEST TRANSACTION

  • control field: 20211227104204.0

008 - FIXED-LENGTH DATA ELEMENTS

  • fixed length control field: 211227|| aca||aabn | a|a d

040 ## - CATALOGING SOURCE

  • Original cataloging agency: BD-RjUL
  • Transcribing agency: BD-RjUL

100 ## - HEADING--PERSONAL NAME

  • Personal name: Ali, Waqar Ali bin Mukhtar ;; علي, وقار علي بن مختار

670 ## - SOURCE DATA FOUND

  • Source citation: Work cat.: (BD-RjUL)79067: Ali, Waqar Ali bin Mukhtar ;; علي, وقار علي بن مختار, نزهة النظر في توضيح نخبة الفكر ;; nuzhat alnazar fi tawdih nukhbat alfikr /